000 00391nam a2200133Ia 4500
008 100328s9999 xx 000 0 und d
082 _b29282
100 _aआपटे ह.ना.
245 _aकसे दिवस गेले
260 _bआर्यभूषण
630 _aकसे दिवस गेले
730 _aकसे दिवस गेले
942 _cBOOK
999 _c520324
_d520321